| 000 -LEADER |
| fixed length control field |
01105nam a22003617 4500 |
| 001 - CONTROL NUMBER |
| control field |
5016128 |
| 003 - CONTROL NUMBER IDENTIFIER |
| control field |
LIBRIS |
| 005 - DATE AND TIME OF LATEST TRANSACTION |
| control field |
20210420055556.0 |
| 008 - FIXED-LENGTH DATA ELEMENTS--GENERAL INFORMATION |
| fixed length control field |
011211s1989 xxk 001 0 eng c |
| 020 ## - INTERNATIONAL STANDARD BOOK NUMBER |
| International Standard Book Number |
0521355109 ; |
| Terms of availability |
�35.00 : CIP entry (Apr.) |
| 040 ## - CATALOGING SOURCE |
| Original cataloging agency |
U |
| Transcribing agency |
DLC |
| 080 ## - UNIVERSAL DECIMAL CLASSIFICATION NUMBER |
| Universal Decimal Classification number |
61(09) |
| Item number |
F-89 |
| 082 ## - DEWEY DECIMAL CLASSIFICATION NUMBER |
| Classification number |
610 |
| Item number |
.94 |
| Edition number |
19 |
| 082 ## - DEWEY DECIMAL CLASSIFICATION NUMBER |
| Classification number |
610 |
| Item number |
.94 |
| Edition number |
19 |
| 084 ## - OTHER CLASSIFICATION NUMBER |
| Classification number |
V:ka.4 |
| Number source |
kssb/6 |
| 084 ## - OTHER CLASSIFICATION NUMBER |
| Classification number |
V:ka.4 |
| Number source |
kssb/6 |
| 084 ## - OTHER CLASSIFICATION NUMBER |
| Classification number |
Be-a.4 |
| Number source |
kssb/6 |
| 084 ## - OTHER CLASSIFICATION NUMBER |
| Classification number |
V:ka.4 |
| Number source |
kssb/6 |
| 100 ## - MAIN ENTRY--PERSONAL NAME |
| 9 (RLIN) |
358 |
| Personal name |
French,Roger |
| Relator term |
editor |
| 245 04 - TITLE STATEMENT |
| Title |
The medical revolution of the seventeenth century / |
| Statement of responsibility, etc. |
edited by Roger French and Andrew Wear |
| 260 ## - PUBLICATION, DISTRIBUTION, ETC. |
| Place of publication, distribution, etc. |
Cambridge : |
| Name of publisher, distributor, etc. |
Cambridge Univ. Press, |
| Date of publication, distribution, etc. |
1989 |
| 300 ## - PHYSICAL DESCRIPTION |
| Extent |
328 p. |
| 650 #7 - SUBJECT ADDED ENTRY--TOPICAL TERM |
| Topical term or geographic name entry element |
medicine |
| Source of heading or term |
BNB |
| 653 ## - INDEX TERM--UNCONTROLLED |
| Uncontrolled term |
მედიცინის ისტორია |
| 700 1# - ADDED ENTRY--PERSONAL NAME |
| Personal name |
French, Roger |
| Relationship |
oth |
| 700 1# - ADDED ENTRY--PERSONAL NAME |
| Personal name |
Wear, Andrew |
| Relationship |
oth |
| 942 ## - ADDED ENTRY ELEMENTS (KOHA) |
| Source of classification or shelving scheme |
|
| Koha item type |
Books |